| 000 | 00372nam a22001457a 4500 | ||
|---|---|---|---|
| 005 | 20170406100712.0 | ||
| 008 | 170406b xxu||||| |||| 00| 0 eng d | ||
| 020 | _a978-93-5216-132-4 | ||
| 041 | _aeng | ||
| 100 |
_aRAMAMRUTHAM, S. _93826 |
||
| 245 | _aDESIGN OF REINFORCED CONCRETE STRUCTURES | ||
| 260 |
_aNEW DELHI _bDHANPATRAI PUBLISING |
||
| 300 | _a1584 | ||
| 942 | _cBK | ||
| 999 |
_c5422 _d5420 |
||